| 000 | 01691cam a2200337 a 4500 | ||
|---|---|---|---|
| 999 |
_c3792 _d3792 |
||
| 001 | 2580710 | ||
| 003 | Nust | ||
| 005 | 20180117090013.0 | ||
| 008 | 960912s1997 maua 001 0 eng | ||
| 010 | _a 96035391 | ||
| 020 | _a0875847617 (alk. paper) | ||
| 040 |
_aDLC _cDLC _dDLC |
||
| 043 | _asn----- | ||
| 050 | 0 | 0 |
_aHC167.A5 _bF35 1997 |
| 082 | 0 | 0 |
_a338.098 _221 |
| 100 | 1 |
_aFairbanks, Michael, _d1957- |
|
| 245 | 1 | 0 |
_aPlowing the sea : _bnurturing the hidden sources of growth in the developing world / _cMichael Fairbanks and Stace Lindsay ; foreword by Michael E. Porter. |
| 260 |
_aBoston, Mass. : _bHarvard Business School Press, _c1997. |
||
| 300 |
_axxv, 289 p. : _bill. ; _c25 cm. |
||
| 500 | _aIncludes index. | ||
| 650 | 0 |
_aIndustries _zAndes Region _xCase studies. |
|
| 650 | 0 |
_aIndustrial policy _zAndes Region _xCase studies. |
|
| 650 | 0 |
_aEconomic development _xCase studies. |
|
| 651 | 0 |
_aAndes Region _xEconomic conditions _xCase studies. |
|
| 651 | 0 |
_aAndes Region _xEconomic policy _xCase studies. |
|
| 700 | 1 | _aLindsay, Stace. | |
| 906 |
_a7 _bcbc _corignew _d1 _eocip _f19 _gy-gencatlg |
||
| 942 |
_2ddc _cBK |
||